000 00806nas a2200265 4500
001 BR9205918
003 BR-BrBNA
005 20231205094635.0
007 ta
008 230509b bl.|||p| |||| 00| 00por d
040 _aBR-BrBNA
_bpor
_cBiblioteca Nacional de Agricultura
041 _a(Pt)
072 _aL51
100 1 _aTeixeira, J.C.
100 1 _aEvangelista, A.R.
245 1 _aDigestibilidade ruminal e pos-ruminal do bagaco de cana-de-acucar hidrolizado em vacas holandesas
650 _aDigestibilidade
650 _aBagaco
650 _aCana de Acucar
650 _aVaca Leiteira
650 _aSubproduto
773 0 _tCiencia e Pratica (Brazil)
_xISSN 0100-3267
_g(May-Aug 1989), v. 13(2) p. 156-165
_wBR9205918
909 _a202311
_bLúcia
_c55
_dLúcia Elande
942 _2AGRIS
_n0
_cANA
999 _c145832
_d145832